| 000 | 00844nam a22002537a 4500 | ||
|---|---|---|---|
| 003 | DO-SdBNP | ||
| 005 | 20240530073937.0 | ||
| 007 | ta | ||
| 008 | 220209b2020 dr ||||| |||| 00| 0 spa d | ||
| 020 | _a9789945094213 | ||
| 040 |
_aDO-SdBNP _bspa _cBNPHU |
||
| 082 | 4 |
_222 _aRD864.44 _bN972s |
|
| 100 | 1 |
_91326 _aNúñez del Risco, Yaqui, _d1939-2014 |
|
| 245 | 1 | 0 |
_aSiempre con Yaqui / _cYaqui Núñez del Risco ; compilación Susana Silfa ; cuidado de la edición Marivell Contreras |
| 260 |
_aSanto Domingo _bBuho, _c2020. |
||
| 300 |
_a369 p. _c23 cm. |
||
| 590 | _aInventariado, 2022 /LP | ||
| 650 | 0 |
_aEnsayos dominicanos _965 |
|
| 650 | 4 | _aLiteratura dominicana | |
| 700 | 1 |
_aSilfa, Susana, _ecomp. _981415 |
|
| 700 | 1 |
_aContreras, Marivell _eed. _912302 |
|
| 910 | _aLopérez./Validado. Control de calidad MFF | ||
| 942 |
_2ddc _cLBS1 |
||
| 999 |
_c51395 _d51395 |
||